000 00590nam a2200229Ia 4500
003 OSt
005 20220926043931.0
006 a|||||r|||| 00| 0
007 ta
008 220923b |||||||| |||| 00| 0 eng d
037 _cGeneral Book
040 _aRTL
_cRTL
_beng
041 _2eng
_aeng
082 _aQoY1, J81
100 _aHoult Thomas Ford
_9251982
245 0 _aSociology of religion
260 _c1958
490 _aDryden Press Sociology Publication
650 _aReligion
942 _hQoY1, J81
_cGB
_2CC
999 _c673551
_d673551